书目信息 |
| 题名: |
海洋电子学
|
|
| 作者: | 小林正次 编著 ;李春宝 译 | |
| 分册: | ||
| 出版信息: | 北京 海洋出版社 1980 |
|
| 页数: | 219页 | |
| 开本: | 21cm | |
| 丛书名: | ||
| 单 册: | ||
| 中图分类: | P733 | |
| 科图分类: | ||
| 主题词: | 海洋电子学 , 海洋学--基础理论 | |
| 电子资源: | ||
| ISBN: | ||
| 000 | 00709nam0 2200265 45 | |
| 001 | 0180008814 | |
| 005 | 20040524180232.6 | |
| 010 | @dCNY1.30 | |
| 091 | @a17193.003 | |
| 100 | @a19950522d1980 em y0chiy0121 ea | |
| 101 | 1 | @achi@cjpn |
| 102 | @aCN@b110000 | |
| 105 | @ay z 000yy | |
| 106 | @ar | |
| 200 | 10 | @a海洋电子学@Ahai yang dian zi xue@f(日)小林正次等编著@g李春宝译 |
| 210 | @a北京@c海洋出版社@d1980 | |
| 215 | @a219页@d21cm | |
| 606 | @a海洋电子学 | |
| 606 | 0 | @a海洋学@x基础理论 |
| 690 | @aP733 | |
| 701 | 0 | @a小林正次@Axiao lin zheng ci@4编著 |
| 702 | 0 | @a李春宝@Ali chun bao@4译 |
| 801 | 0 | @aCN@b上海图书馆@c20040524 |
| 801 | 2 | @aCN@bNLC@c20040524 |
| 905 | @f1@b117437@dP733@e12 | |
| 海洋电子学/(日)小林正次等编著/李春宝译.-北京:海洋出版社,1980 |
| 219页;21cm |
| ISBN :CNY1.30 |
| ● |
| 相关链接 |
|
|
|
|
正题名:海洋电子学
索取号:P733/12
 
预约/预借
| 序号 | 登录号 | 条形码 | 馆藏地/架位号 | 状态 | 备注 |
| 1 | 0117437 | 000624694 | 第三借阅区/ [索取号:P733/12] | 在馆 | |
| 2 | 0117438 | 202122434 | 第二样本阅览室/ [索取号:P733/12] | 在馆 |